Language Quiz

Random Language or Letter Quiz

Most Common Long E Words Quiz Stats

 Plays Quiz not verified by Sporcle

Challenge
Share
Tweet
Embed
Score 0/30 Timer 06:00
0 Plays Today
RANK WORD % Correct
7EVERYONE
79.2%
2EVERYTHING
62.5%
24ELEMENT
62.5%
1EDUCATION
58.3%
12EVERYBODY
50%
11ELECTION
41.7%
15ENVIRONMENT
41.7%
20EVENTUALLY
41.7%
3EXPERIENCE
37.5%
25EXPRESS
33.3%
30EXPRESSION
33.3%
4ECONOMIC
29.2%
5EXPLAIN
29.2%
9ECONOMY
29.2%
14EXAMPLE
29.2%
RANK WORD % Correct
21EFFECTIVE
29.2%
8EVIDENCE
25%
16EXECUTIVE
25%
17ESTABLISH
25%
6ESPECIALLY
20.8%
13ENVIRONMENTAL
20.8%
19EVENING
20.8%
26EQUIPMENT
20.8%
10EXACTLY
16.7%
18EMPLOYEE
16.7%
22EXAMINE
16.7%
23ENCOURAGE
12.5%
27EXERCISE
12.5%
28EASTERN
12.5%
29EXCHANGE
8.3%

You're not logged in!

Compare scores with friends on all Sporcle quizzes.
Join for Free
OR
Log In

You Might Also Like...

Show Comments

Extras

Created Jul 8, 2017ReportNominate
Tags:Letter Quiz, common, long, starting

Top Quizzes Today


Score Distribution

Your Account Isn't Verified!

In order to create a playlist on Sporcle, you need to verify the email address you used during registration. Go to your Sporcle Settings to finish the process.

Report this User

Report this user for behavior that violates our Community Guidelines.

Details: